LEADER 01176nam a2200265 i 4500 001 000000213364 003 CaOOAMICUS 005 20211220104004.0 008 120521s1766 it u000 u ita u 013 $a192219 026 $ae-l- e-em ori- chso (3) 1766 (Q) 040 $aSeMil$bita 100 0 $aDiogenes : Laertius ,$d.$0(OLS)http://semarc/name/9527 245 10$aVita di Teofrasto scritta da Diogene Laerzio. 260 $a(In Milano :$bper Federico Agnelli,$c1766) 300 $aLXXVIII, [2] p. ;$c8°. 500 $aNome del traduttore Giambattista Viaroli nella dedica. - Segn. : A-E8. 600 04$aTeofrasto .$0(OLS)http://semarc/subject/3329 700 1 $aViaroli, Giambattista.$0(OLS)http://semarc/name/75998 700 1 $aAgnelli, Federico$b<2.,$cEditore>.$0(OLS)http://semarc/name/12614 850 $aSeMil 852 $aSeMil$W1$xVenegono$y1$m1Z III 67 FA$j163794$B163794$CSeMilBibl$Z2$F174850 $8I 996 $6245$aVita di Teofrasto scritta da Diogene Laerzio$9(OLS)http://semarc/title/307638 996 $6260$a(In Milano :$bper Federico Agnelli$9(OLS)http://semarc/publisher/52766 LEADER 02533nam a2200421 i 4500 001 000000031361 003 CaOOAMICUS 005 20180830125449.0 008 180830s1898 gw u000 u und u 040 $aSeMil$bita 245 10$aEncyklopädie der mathematischen Wissenschaften mit Einschluss ihrer Anwendungen /$chrsg. im Auftrage der Akademien der Wissenschaften Akademiender Wissenschaften Göttingen, Leipzig, München und Wien sowie unter Mitwirkung zahlreicher Fachgenossen. 260 $aLeipzig :$bB. G. Teubner,$c1898-1923. 300 $a6 v. ;$c27cm. 500 $aPubblicazione a fascicoli. 650 4$aMatematica.$0(OLS)http://semarc/subject/1227 710 2 $aAkademie der Wissenschaften .$0(OLS)http://semarc/name/1581 774 0 $aMeyer, Wilhelm Franz$tArithmetik und Algebra.$gBd.1$w()81743 774 0 $aBurckhardt, Heinrich$tAnalysis. 1. Theil.$gBd.2$w()258958 774 0 $aBurckhardt, Heinrich$tAnalysis. 2. Theil.$gBd.2$w()258959 774 0 $aBurckhardt, Heinrich$tAnalysis. 3. Theil.$gBd.2$w()258960 774 0 $aMeyer, Wilhelm Franz$tGeometrie. 1. Theil.$gBd.3$w()258961 774 0 $aMeyer, Wilhelm Franz$tGeometrie. 4. Theil.$gBd.3$w()258962 774 0 $aMeyer, Wilhelm Franz$tGeometrie. 2. Theil.$gBd.3$w()258963 774 0 $aMeyer, Wilhelm Franz$tGeometrie. 3. Theil.$gBd.3$w()258964 774 0 $aMeyer, Wilhelm Franz$tGeometrie. 5. Theil.$gBd.3$w()258965 774 0 $aKlein, Félix <1862-1953>$tMechanik. 1. Theil.$gBd.4$w()258966 774 0 $aKlein, Félix <1862-1953>$tMechanik. 3. Theil.$gBd.4$w()258968 774 0 $aKlein, Félix <1862-1953>$tMechanik. 2. Theil.$gBd.4$w()258969 774 0 $aKlein, Félix <1862-1953>$tMechanik. 4. Theil.$gBd.4$w()258970 774 0 $aSommerfeld, Arnold <1868-1951>$tPhysik. 1. Theil.$gBd.5$w()258971 774 0 $aSommerfeld, Arnold <1868-1951>$tPhysik. 2. Theil.$gBd.5$w()258972 774 0 $aSommerfeld, Arnold <1868-1951>$tPhysik. 3. Theil.$gBd.5$w()258973 774 0 $aFurtwängler, Wilhelm <1886-1954>$tGeodäsie und Geophysik. 1. Theil.$gBd.6$w()258974 774 0 $aFurtwängler, Wilhelm <1886-1954>$tGeodäsie und Geophysik. 2. Theil.$gBd.6$w()258975 774 0 $aSchwarzschild, Karl$tAstronomie. 1. Theil.$gBd.7$w()258976 774 0 $aSchwarzschild, Karl$tAstronomie. 2. Theil.$gBd.7$w()258977 996 $6245$aEncyklopädie der mathematischen Wissenschaften mit Einschluss ihrer Anwendungen$9(OLS)http://semarc/title/401999 996 $6260$aLeipzig :$bB. G. Teubner$9(OLS)http://semarc/publisher/36264